| 000 | 00642nam a2200169 i 4500 | ||
|---|---|---|---|
| 001 | 36876 | ||
| 003 | ES-MaACL | ||
| 007 | t| | ||
| 008 | 030219s1999 sp ||||1| spa d | ||
| 100 | 1 |
_aBraymer, Daniel H. _931529 |
|
| 245 | 1 | 0 |
_aRebobinado de motores pequeños _b: prácticas de taller / _cDaniel H. Braymer y A. C. Roe ; versión de la 3ª edición inglesa por Antonio Revuelta Lozano. |
| 260 |
_aBarcelona : _bGustavo Gili, _c1955 ( _fCasa Provincial de Caridad, Imp. Escuela) |
||
| 300 |
_a494 p. : _bil. ; _c22 cm. |
||
| 700 | 1 |
_aRoe, A. C. _998888 |
|
| 700 | 1 |
_aRevuelta Lozano, Antonio. _996466 |
|
| 852 |
_aES-MaACL _jC-9524 _bR.37874 |
||
| 999 |
_c36876 _d36876 |
||